Governance in the 21st century (Record no. 370839)

MARC details
000 -LEADER
fixed length control field 00283nam a2200097Ia 4500
082 ## - DEWEY DECIMAL CLASSIFICATION NUMBER
Classification number 320.96 GOVE
008 - FIXED-LENGTH DATA ELEMENTS--GENERAL INFORMATION
fixed length control field 210817s9999 xx 000 0 und d
100 ## - MAIN ENTRY--PERSONAL NAME
Personal name Kondlo, Kwandiwe Merriman South Africa, 2011
9 (RLIN) 34061
245 #0 - TITLE STATEMENT
Title Governance in the 21st century
942 ## - ADDED ENTRY ELEMENTS
item type Books

No items available.